00258 a2200109 4500001000700000020000600007040001100013100002000024240005000044245004500094362000900139178583 a  cMagnum aDanilo, Aroeira10aMagnito de uma ideia nasce o futuro nº0lpor10aMagnito de uma ideia nasce o futuro nº00 a1899